Описания известных советских конструкторов - Statistics

General Stats
  • This quiz has been taken 19 times
  • The average score is 6 of 11
Answer Stats
Описание Конструктор % Correct
Разработчик бомбардировщиков ТУ А.Н. Туполев
100%
Разработчик Ил-2 С.В. Ильюшин
92%
Разработчик истребителей ЯК А.С. Яковлев
92%
Разработчик истребителей ЛА С.А. Лавочкин
75%
Разработчик ППШ Г.С. Шпагин
67%
Разработчик Т-34 М.И. Кошкин
58%
Разработчик ДП В.А. Дегтярёв
33%
Разработчик технологии автоматической сварки брони под флюсом Е.О. Патон
25%
Разработчик КВ, СУ, ИС Ж.Я. Котин
8%
Разработчик ЗИС-3 В.Г. Грабин
0%
Разработчик БМ-13 В.П. Бармин
0%
No matching quizzes found
Score Distribution
Percent of People with Each Score
Percentile by Number Answered
Your Score History
You have not taken this quiz